Učící se organizace /

Hlavní autor: Tichá, Ivana, 1963-
Korporativní autor: Česká zemědělská univerzita v Praze. Provozně ekonomická fakulta
Jazyk: Čeština
Vydáno: Praha : Česká zemědělská univerzita, c1999
Vydání: Vyd. 1.
Témata:
Externí odkaz: Digitalizovaný dokument
Fyzický popis: 56 s. : il. ; 21 cm
Knihy
Uloženo v:
LEADER 01398nam a2200373 a 4500
001 000464369
003 CZ BrMZK
005 20210127160528.0
007 ta
008 000115s1999 xr e f 0 cze d
015 |a cnb000962646 
020 |a 80-213-0574-6 
035 |a (OCoLC)85000684 
040 |a BOA001  |b cze 
072 7 |a 658  |x Řízení a správa podniku  |2 Konspekt  |9 4 
080 |a 005.336.4  |2 MRF 
080 |a 658  |2 MRF 
080 |a (035)  |2 MRF 
100 1 |a Tichá, Ivana,  |d 1963-  |7 jn20010309220  |4 aut 
245 1 0 |a Učící se organizace /  |c Ivana Tichá 
250 |a Vyd. 1. 
260 |a Praha :  |b Česká zemědělská univerzita,  |c c1999 
300 |a 56 s. :  |b il. ;  |c 21 cm 
500 |a Bibliogr. 
650 0 7 |a učící se organizace  |7 ph164216  |2 czenas 
650 0 7 |a podnikový management  |7 ph115763  |2 czenas 
655 7 |a příručky  |7 fd133209  |2 czenas 
710 2 |a Česká zemědělská univerzita v Praze.  |b Provozně ekonomická fakulta  |7 kn20010725055 
856 4 1 |u http://www.digitalniknihovna.cz/mzk/uuid/uuid:53d8fc60-eb05-11e3-a2c6-005056827e51  |y Digitalizovaný dokument  |x NDK 
910 |a BOA001  |b 2-1069.214 
990 |a BK 
991 |f 005 TIC 
996 6 |b 2610108500  |c 2-1069.214  |l MZK  |r Sklad / do 1 hodiny  |n 20  |p p.v.  |w 000464369  |u 000010  |a 1  |e BOA001  |j MZK50  |s P 
996 7 |b 2610111882  |c 2-1069.214  |l MZK  |r Sklad / do 1 hodiny  |n 68  |p p.v.  |w 000464369  |u 000020  |a 1  |e BOA001  |j MZK50  |s A